|
|
|
แสดงรายละเอียดบรรณานุกรม |
|
|
Brief Record
: Get Marc (ISO 2709)
: E-mail record
: |
|
|
| LEADER 00000nam 2200000uu 4500 | |||
| 001 46057 | |||
| 003 ULIBM | |||
| 008 130125s2555||||th 000 0 tha d | |||
| 020 ^a ^a9789747727906 | |||
| 082 ^a ^a959.9 ^bว-ฟ | |||
| 100 ^a ^aวรางคณา นิพัทธ์สุขกิจ | |||
| 245 00 ^aฟิลิปปินส์ : ประวัติศาสตร์แห่งการต่อสู้ /^cวรางคณา นิพัทธ์สุขกิจ | |||
| 250 ^a ^aพิมพ์ครั้งที่ 1 | |||
| 260 ^a ^aกรุงเทพฯ : ^bเมืองโบราณ, ^c2555 | |||
| 300 ^a ^a136 หน้า : ^bภาพประกอบ ; ^c21 ซม. 160 บาท | |||
| 440 0 ^aอาเซียนในมิติประวัติศาสตร์ | |||
| 650 ^a ^aฟิลิปปินส์ ^xประวัติศาสตร์ | |||
| 999 ^aกัลยา เตชะ | |||
| คุณยังไม่ได้ล็อกอิน คุณสามารถมีกิจกรรมร่วมกับเว็บไซต์ได้ แต่ต้องล็อกอินก่อน :: |
|
| สถานะ | |||||||||
| 1. | หนังสือ | 959.9 ว-ฟ 2555 Barcode: 078843 | ►หนังสือทั่วไป | On Shelf ขอยืม | |||||
| [แสดง 1/1 รายการ] | |||||||||

BibComment |
| คอมเมนท์ทรัพยากรรายการนี้ |
|
|
ห้องสมุดโรงเรียนสามัคคีวิทยาคม
159 ถ.บรรพปราการ ต.เวียง อ.เมือง จ.เชียงราย 57000
โทร. 053-711018 โทรสาร 053-713003